| 000 | 00859nam a2200217Ii 4500 | ||
|---|---|---|---|
| 003 | JO-AjNU | ||
| 005 | 20231202101727.0 | ||
| 008 | 230605s9999||||xx |||||||||||||| ||und|| | ||
| 040 |
_aJO-AjNU _bara _erda _cJO-AjNU |
||
| 041 | _aara | ||
| 050 |
_aBP173.758 _a.S2464 _a1997 |
||
| 100 |
_aالسالوس، علي أحمد _941135 _e[مؤلف] |
||
| 245 | 2 | 0 |
_aالاقتصاد الاسلامي والقضايا الفقهية المعاصرة، الجزء الاول / _cعلي احمد السالوس |
| 260 |
_aالقاهرة : _bدار التقوى للنشر والتوزيع، دار رام رام للقرى والطباعة، _c1997 |
||
| 300 | _a547صفحة | ||
| 336 |
_atext _btxt _2rdacontent |
||
| 337 |
_aunmediated _bn _2rdamedia |
||
| 338 |
_avolume _bnc _2rdacarrier |
||
| 650 | 0 |
_a الاقتصاد الإسلامي _930717 |
|
| 942 |
_2lcc _cBK |
||
| 999 |
_c33074 _d33074 |
||